| 000 | 01452nam0a22003371 4500 | ||
|---|---|---|---|
| 001 | v19\rc\1599769 | ||
| 005 | 20250619051507.0 | ||
| 035 | _a(NLR Aleph) 004836967 | ||
| 090 |
_a4781443 _c4781443 |
||
| 100 | _a20061002d1896 |||y0rusy50 ca | ||
| 101 | 1 |
_arus _cger |
|
| 102 | _aRU | ||
| 105 | _ay z ||||| | ||
| 200 | 1 |
_aГензель и Грета _eВолшеб. сказка в 3 д. _fМуз. Гумпердинка |
|
| 210 |
_aМосква _cт-во тип. А.И. Мамонтова _d1896 |
||
| 215 |
_a45 с. _d20 |
||
| 300 | _aАвт. в кн. не указан; установлен по одноим. изд. 1902 г. | ||
| 300 | _aЗагл. ориг.: "Hänsel und Gretel" | ||
| 300 | _aПер. также под загл.: "Пряничный домик (Гензель и Гретель)" | ||
| 451 | 0 |
_12001#$aПряничный домик (Гензель и Гретель) _tПряничный домик (Гензель и Гретель) |
|
| 454 | 0 |
_12001#$aHänsel und Gretel _tHänsel und Gretel |
|
| 700 | 1 |
_aВетте _bА. _f1858-1916 _gАдельгейда |
|
| 702 | 1 |
_9z01790 _aХумпердинк _bЭ. _f1854-1921 _gЭнгельберт _4230 |
|
| 790 | 1 |
_9z01702 _aГумпердинк _bЭ. _f1854-1921 _gЭнгельберт |
|
| 801 | 0 |
_aRU _bNLR _gpsbo |
|
| 801 | 0 |
_aRU _bRuMoRGB _2psbo |
|
| 801 | 1 |
_aRU _bProSoft-M _2rusmarc |
|
| 852 |
_aNLR _j20.95.5.101 |
||
| 899 |
_aRuMoRGB _jA 213/490 |
||
| 942 | _cBOOK | ||
| 980 | _aNB | ||